00698nam a22002177a 4500003000400000020001500004082002100019100001800040245007400058260004700132300001500179546001200194650002300206650002500229650003500254650001800289650001500307942001200322999001900334952012700353OSt a8120407938 a658.404 bOAK/PR aOakley, Peter aProjects with people : Practice of participation in rural development aNew DelhibOxford and IBH publishingc1991 axiv, 284p. aEnglish aHealth development aForestry development aEducation and training for CIH aWater supply  aIrrigation 2ddccBK c161610d161610 00102ddc40708GenaKAUCLVbKAUCLVcGENERALd2018-09-05l0o658.404 OAK/PRp809740r2018-09-05 00:00:00w2018-09-05yBK